[Event "NB II. Szechenyi csoport"]
[Site "Zalaegerszeg"]
[Date "2024.04.07"]
[Round "7.3"]
[White "Domonkos, Tamas"]
[Black "Bardossi, Jeno"]
[Result "1/2-1/2"]
[WhiteElo "1948"]
[BlackElo "2062"]
[PlyCount "65"]
[EventDate "2023.10.08"]
[EventType "team-tourn"]
[EventRounds "9"]
[EventCountry "HUN"]
[Source "chess.hu"]
[WhiteTeam "Tapolca Varosi SE II"]
[BlackTeam "Z. Baki Agrocentrum"]
[WhiteTeamCountry "HUN"]
[BlackTeamCountry "HUN"]

1. c4 c5 2. Nc3 Nc6 3. g3 g6 4. Bg2 Bg7 5. Nf3 e5 6. O-O Nge7 7. d3 d6 8. Nd5
h6 9. e4 O-O 10. Be3 f5 11. Rb1 fxe4 12. dxe4 Be6 13. Qd2 Kh7 14. Ne1 Qd7 15.
Nd3 Bh3 16. f3 Bxg2 17. Kxg2 b6 18. b3 Rf7 19. Qe2 Raf8 20. h4 Nd8 21. Rf2 Ne6
22. Qd2 Nc6 23. Rbf1 Qd8 24. f4 exf4 25. N3xf4 Qd7 26. h5 Nxf4+ 27. Nxf4 g5 28.
Ng6 Rxf2+ 29. Rxf2 Rxf2+ 30. Qxf2 Qg4 31. Qf3 Qxf3+ 32. Kxf3 Ne5+ 33. Nxe5
1/2-1/2

[Event "NB II. Szechenyi csoport"]
[Site "Zalaegerszeg"]
[Date "2024.04.07"]
[Round "7.4"]
[White "Balogh, Marton"]
[Black "Kasnya, Peter"]
[Result "1/2-1/2"]
[WhiteElo "1962"]
[BlackElo "1940"]
[PlyCount "45"]
[EventDate "2023.10.08"]
[EventType "team-tourn"]
[EventRounds "9"]
[EventCountry "HUN"]
[Source "chess.hu"]
[WhiteTeam "Z. Baki Agrocentrum"]
[BlackTeam "Tapolca Varosi SE II"]
[WhiteTeamCountry "HUN"]
[BlackTeamCountry "HUN"]

1. d4 Nf6 2. Nf3 g6 3. Bf4 Bg7 4. e3 O-O 5. Be2 d5 6. O-O Bf5 7. c4 Nh5 8. Be5
f6 9. Bg3 Nxg3 10. hxg3 c6 11. Nc3 Be6 12. cxd5 cxd5 13. Qb3 Qd7 14. Rac1 Nc6
15. Na4 Na5 16. Qb4 b6 17. Bb5 Qb7 18. Nd2 Rac8 19. Nb3 Nc4 20. Bxc4 Rxc4 21.
Rxc4 dxc4 22. Nbc5 Qc8 23. Nxe6 1/2-1/2

[Event "NB II. Szechenyi csoport"]
[Site "Zalaegerszeg"]
[Date "2024.04.07"]
[Round "7.5"]
[White "Bencze, Balazs Dominik"]
[Black "Kirchner, Peter"]
[Result "1/2-1/2"]
[WhiteElo "1857"]
[BlackElo "1971"]
[PlyCount "65"]
[EventDate "2023.10.08"]
[EventType "team-tourn"]
[EventRounds "9"]
[EventCountry "HUN"]
[Source "chess.hu"]
[WhiteTeam "Tapolca Varosi SE II"]
[BlackTeam "Z. Baki Agrocentrum"]
[WhiteTeamCountry "HUN"]
[BlackTeamCountry "HUN"]

1. c4 Nf6 2. g3 g6 3. Bg2 Bg7 4. Nc3 c6 5. d3 d5 6. cxd5 cxd5 7. Nf3 Nc6 8. d4
O-O 9. O-O a6 10. Ne5 e6 11. Nxc6 bxc6 12. Bg5 h6 13. Bxf6 Bxf6 14. Na4 e5 15.
e3 exd4 16. exd4 Bf5 17. Nc5 Qb6 18. Qd2 Rab8 19. b3 Be7 20. Rac1 Bg5 21. f4
Be7 22. Rfe1 Bd6 23. Rc3 Rfe8 24. Rxe8+ Rxe8 25. Re3 Rxe3 26. Qxe3 Bxc5 27.
dxc5 Qd8 28. Qe5 f6 29. Qd4 Qe7 30. Kf2 Kf7 31. b4 Qa7 32. a4 Qb7 33. Qd2
1/2-1/2

[Event "NB II. Szechenyi csoport"]
[Site "Zalaegerszeg"]
[Date "2024.04.07"]
[Round "7.7"]
[White "Toth, Barnabas"]
[Black "Nagy, Benedek"]
[Result "1-0"]
[WhiteElo "1965"]
[BlackElo "1858"]
[PlyCount "53"]
[EventDate "2023.10.08"]
[EventType "team-tourn"]
[EventRounds "9"]
[EventCountry "HUN"]
[Source "chess.hu"]
[WhiteTeam "Tapolca Varosi SE II"]
[BlackTeam "Z. Baki Agrocentrum"]
[WhiteTeamCountry "HUN"]
[BlackTeamCountry "HUN"]

1. d4 c5 2. d5 Nf6 3. Nc3 d6 4. e4 g6 5. Nf3 Bg7 6. Be2 O-O 7. O-O Na6 8. Nd2
Nc7 9. a4 b6 10. Nc4 Bd7 11. f4 b5 12. axb5 Nxb5 13. Nxb5 Bxb5 14. Na5 Bd7 15.
Bf3 Rb8 16. e5 Ne8 17. e6 fxe6 18. dxe6 Bxe6 19. Nc6 Qc7 20. Rxa7 Qb6 21. Rxe7
Bc4 22. Nxb8 Bxf1 23. Nd7 Qd8 24. Qe1 Bb5 25. Bd5+ Kh8 26. Nxf8 Bxf8 27. Qe6
1-0

[Event "NB II. Szechenyi csoport"]
[Site "Zalaegerszeg"]
[Date "2024.04.07"]
[Round "7.8"]
[White "Cseke, Mihaly"]
[Black "Simo, Judit"]
[Result "0-1"]
[WhiteElo "1873"]
[BlackElo "1879"]
[PlyCount "80"]
[EventDate "2023.10.08"]
[EventType "team-tourn"]
[EventRounds "9"]
[EventCountry "HUN"]
[Source "chess.hu"]
[WhiteTeam "Z. Baki Agrocentrum"]
[BlackTeam "Tapolca Varosi SE II"]
[WhiteTeamCountry "HUN"]
[BlackTeamCountry "HUN"]

1. e4 c5 2. Nf3 d6 3. d4 cxd4 4. Nxd4 Nf6 5. Nc3 Nc6 6. Bg5 e6 7. f4 Bd7 8.
Ndb5 Qb6 9. Bxf6 gxf6 10. Na4 Qe3+ 11. Be2 O-O-O 12. Qd3 Qxd3 13. cxd3 Kb8 14.
Rc1 Nb4 15. Nac3 Nxa2 16. Ra1 Nxc3 17. Nxc3 Rg8 18. g3 Bc6 19. d4 f5 20. d5 Bd7
21. exf5 exd5 22. Bd3 Bc6 23. O-O h5 24. Nb5 h4 25. Kf2 hxg3+ 26. hxg3 Bg7 27.
Ra2 a6 28. Nc3 Bd4+ 29. Ke1 Rxg3 30. Kd2 Bxc3+ 31. bxc3 Rxd3+ 32. Kxd3 Bb5+ 33.
Kd4 Bxf1 34. Kxd5 Kc7 35. Kd4 Bh3 36. f6 Be6 37. Rg2 a5 38. Rg5 Kb6 39. c4 Rc8
40. Rb5+ Ka6 0-1

[Event "NB II. Szechenyi csoport"]
[Site "Zalaegerszeg"]
[Date "2024.04.07"]
[Round "7.9"]
[White "Horvath, Lajos"]
[Black "Csiszar, Albert"]
[Result "1/2-1/2"]
[WhiteElo "1778"]
[BlackElo "1824"]
[PlyCount "24"]
[EventDate "2023.10.08"]
[EventType "team-tourn"]
[EventRounds "9"]
[EventCountry "HUN"]
[Source "chess.hu"]
[WhiteTeam "Tapolca Varosi SE II"]
[BlackTeam "Z. Baki Agrocentrum"]
[WhiteTeamCountry "HUN"]
[BlackTeamCountry "HUN"]

1. e4 e6 2. d4 d5 3. Nc3 dxe4 4. Nxe4 Nf6 5. Ng3 c5 6. Nf3 b6 7. Bb5+ Bd7 8.
Bxd7+ Qxd7 9. O-O Be7 10. c3 O-O 11. Ne5 Qb7 12. dxc5 Bxc5 1/2-1/2

[Event "NB II. Szechenyi csoport"]
[Site "Zalaegerszeg"]
[Date "2024.04.07"]
[Round "7.10"]
[White "Deak, Laszlo"]
[Black "Kiss, Gergely"]
[Result "0-1"]
[WhiteElo "1817"]
[BlackElo "1815"]
[PlyCount "100"]
[EventDate "2023.10.08"]
[EventType "team-tourn"]
[EventRounds "9"]
[EventCountry "HUN"]
[Source "chess.hu"]
[WhiteTeam "Z. Baki Agrocentrum"]
[BlackTeam "Tapolca Varosi SE II"]
[WhiteTeamCountry "HUN"]
[BlackTeamCountry "HUN"]

1. e4 c6 2. d4 d5 3. Bd3 dxe4 4. Bxe4 Nf6 5. Bf3 Bf5 6. c3 e6 7. Nd2 Be7 8. h4
h5 9. Nh3 Nbd7 10. Ng5 Qc7 11. Nc4 Bg4 12. g3 Bxf3 13. Qxf3 Nb6 14. Bf4 Qd8 15.
O-O-O Nxc4 16. Qd3 b5 17. Rhe1 Nd5 18. Rxe6 Nxf4 19. gxf4 fxe6 20. Qg6+ Kd7 21.
Re1 Bf6 22. f5 Bxg5+ 23. hxg5 e5 24. dxe5 Kc7 25. Rd1 Qe7 26. f4 Rad8 27. Re1
Rd2 28. f6 gxf6 29. gxf6 Qh7 30. f5 Qxg6 31. fxg6 Rf2 32. f7 Rxf7 33. gxf7 Kd7
34. b3 Nb6 35. Kd2 Ke6 36. Rf1 Nd7 37. Ke3 Kxe5 38. Kf3 Nf6 39. Kg3 Ke6 40.
f8=Q Rxf8 41. Kh4 Rg8 42. Re1+ Kd6 43. Re2 Rg4+ 44. Kh3 Nd5 45. Rd2 Kc5 46. Rf2
Nf4+ 47. Kh2 b4 48. c4 Rg2+ 49. Rxg2 Nxg2 50. Kxg2 Kd4 0-1

[Event "NB II. Szechenyi csoport"]
[Site "Zalaegerszeg"]
[Date "2024.04.07"]
[Round "7.11"]
[White "Torok, Gergo"]
[Black "Bedi, Bence"]
[Result "1/2-1/2"]
[WhiteElo "1486"]
[BlackElo "1689"]
[PlyCount "123"]
[EventDate "2023.10.08"]
[EventType "team-tourn"]
[EventRounds "9"]
[EventCountry "HUN"]
[Source "chess.hu"]
[WhiteTeam "Tapolca Varosi SE II"]
[BlackTeam "Z. Baki Agrocentrum"]
[WhiteTeamCountry "HUN"]
[BlackTeamCountry "HUN"]

1. d4 Nf6 2. Nf3 e6 3. h3 c5 4. c3 Nc6 5. Bf4 Qb6 6. b3 Nh5 7. Be3 d5 8. Ne5
cxd4 9. cxd4 Bb4+ 10. Nd2 Bc3 11. Rb1 Bxd4 12. Bxd4 Nxd4 13. e3 Nf6 14. exd4
Qxd4 15. Nef3 Qb6 16. Qe2 O-O 17. Qb5 Qd6 18. a4 a6 19. Qe2 Nd7 20. Qd3 f6 21.
b4 e5 22. Nh4 Nb8 23. Nc4 Qc6 24. Nb2 Be6 25. Qd2 Rc8 26. g4 Qd7 27. Nd3 Qxa4
28. Nc5 Qc6 29. Bg2 e4 30. f3 b6 31. Nxe6 Qxe6 32. fxe4 dxe4 33. Qe3 Rc4 34.
Nf5 Qe5 35. Qb3 Qc3+ 36. Qxc3 Rxc3 37. Bxe4 Ra7 38. O-O g6 39. Nh4 Rxh3 40.
Bd5+ Kg7 41. Nf3 Rg3+ 42. Kf2 Rxg4 43. Rg1 Rf4 44. Kg3 Rf5 45. Be6 Rb5 46. Rgd1
Re7 47. Bc4 Rf5 48. Rd8 Nc6 49. Rg8+ Kh6 50. Rh1+ Rh5 51. Rxh5+ Kxh5 52. Rc8
Nxb4 53. Rd8 Re3 54. Rd1 Kh6 55. Rb1 a5 56. Rd1 Rc3 57. Bb5 Ra3 58. Rd4 Nc2 59.
Rd6 a4 60. Rxf6 Ra1 61. Rxb6 a3 62. Ra6 1/2-1/2

[Event "NB II. Szechenyi csoport"]
[Site "Veszprem"]
[Date "2024.04.07"]
[Round "7.1"]
[White "Smideliusz, Mark"]
[Black "Jonas, Zsolt"]
[Result "1/2-1/2"]
[WhiteElo "2191"]
[BlackElo "2055"]
[PlyCount "44"]
[EventDate "2023.10.08"]
[EventType "team-tourn"]
[EventRounds "9"]
[EventCountry "HUN"]
[Source "chess.hu"]
[WhiteTeam "Sarvari Sakk Club SE"]
[BlackTeam "Ezust Huszar SE"]
[WhiteTeamCountry "HUN"]
[BlackTeamCountry "HUN"]

1. c4 e5 2. Nc3 c6 3. Nf3 d6 4. d4 Qc7 5. e4 Bg4 6. Be2 Nf6 7. O-O Be7 8. Be3
Nbd7 9. Rc1 O-O 10. h3 Bh5 11. g4 Bg6 12. Nd2 h6 13. Kg2 Rfe8 14. d5 Nh7 15.
Nf3 Ndf6 16. Bd3 Qd7 17. Kg3 Ng5 18. Nd2 b5 19. h4 b4 20. hxg5 bxc3 21. gxf6
cxd2 22. Qxd2 Bxf6 1/2-1/2

[Event "NB II. Szechenyi csoport"]
[Site "Veszprem"]
[Date "2024.04.07"]
[Round "7.2"]
[White "Hegedus, Gyula"]
[Black "Odor, Istvan"]
[Result "0-1"]
[WhiteElo "2043"]
[BlackElo "2095"]
[PlyCount "72"]
[EventDate "2023.10.08"]
[EventType "team-tourn"]
[EventRounds "9"]
[EventCountry "HUN"]
[Source "chess.hu"]
[WhiteTeam "Ezust Huszar SE"]
[BlackTeam "Sarvari Sakk Club SE"]
[WhiteTeamCountry "HUN"]
[BlackTeamCountry "HUN"]

1. e4 e5 2. Nf3 Nc6 3. Bb5 a6 4. Ba4 Nf6 5. d3 b5 6. Bb3 Bc5 7. c3 O-O 8. O-O
d6 9. Re1 Bb6 10. a4 Rb8 11. axb5 axb5 12. Na3 Ne7 13. d4 Ng6 14. Nc2 Bb7 15.
d5 Ng4 16. Rf1 f5 17. exf5 Rxf5 18. Ne3 Bxe3 19. Bxe3 Nh4 20. Nd2 Nxg2 21. Kxg2
Qh4 22. Nf3 Qh5 23. h3 Rbf8 24. Nd2 Nxe3+ 25. fxe3 Qg6+ 26. Kh1 Rxf1+ 27. Nxf1
Qe4+ 28. Kg1 Rf6 29. Qe1 Rg6+ 30. Ng3 Qh4 31. Kh2 Bc8 32. Nf5 Qxe1 33. Rxe1
Bxf5 34. Ra1 Be4 35. Rg1 Rf6 36. Kg3 Rf3+ 0-1

[Event "NB II. Szechenyi csoport"]
[Site "Veszprem"]
[Date "2024.04.07"]
[Round "7.3"]
[White "Balka, Richard"]
[Black "Domonkos, Daniel"]
[Result "0-1"]
[WhiteElo "2070"]
[BlackElo "1970"]
[PlyCount "66"]
[EventDate "2023.10.08"]
[EventType "team-tourn"]
[EventRounds "9"]
[EventCountry "HUN"]
[Source "chess.hu"]
[WhiteTeam "Sarvari Sakk Club SE"]
[BlackTeam "Ezust Huszar SE"]
[WhiteTeamCountry "HUN"]
[BlackTeamCountry "HUN"]

1. e4 c5 2. Nf3 Nc6 3. d4 cxd4 4. Nxd4 g6 5. c4 Bg7 6. Be3 d6 7. Nc3 Nf6 8. Be2
O-O 9. O-O Nxd4 10. Bxd4 Bd7 11. f3 a6 12. Qd2 Qa5 13. Rfd1 Rfd8 14. Kh1 Qh5
15. Be3 Kf8 16. b4 Ng8 17. Rac1 Bh6 18. f4 Bg4 19. Bxg4 Qxg4 20. Nd5 e6 21. Nb6
Rab8 22. Qf2 Nf6 23. h3 Qh5 24. Rd4 Ng4 25. Qe2 Nxe3 26. Qxe3 e5 27. Rxd6 Rxd6
28. Qc5 Rbd8 29. Nc8 Rxc8 30. Qxd6+ Kg8 31. Qd7 Rf8 32. Qxb7 Bxf4 33. Re1 Rd8
0-1

[Event "NB II. Szechenyi csoport"]
[Site "Veszprem"]
[Date "2024.04.07"]
[Round "7.4"]
[White "Oltean, Gusztav"]
[Black "Ongai, Erik"]
[Result "1-0"]
[WhiteElo "1984"]
[BlackElo "2076"]
[PlyCount "61"]
[EventDate "2023.10.08"]
[EventType "team-tourn"]
[EventRounds "9"]
[EventCountry "HUN"]
[Source "chess.hu"]
[WhiteTeam "Ezust Huszar SE"]
[BlackTeam "Sarvari Sakk Club SE"]
[WhiteTeamCountry "HUN"]
[BlackTeamCountry "HUN"]

1. d4 d5 2. Bf4 Nf6 3. e3 e6 4. Nf3 Bb4+ 5. c3 Bd6 6. Ne5 O-O 7. Bd3 c5 8. Nd2
Nc6 9. Qf3 Bxe5 10. dxe5 Nd7 11. Qg3 f5 12. exf6 Qxf6 13. Nf3 h6 14. h4 e5 15.
Bg5 Qe6 16. e4 hxg5 17. hxg5 Rf4 18. exd5 Qxd5 19. O-O-O Qxa2 20. Nxe5 Qa1+ 21.
Bb1 Ndxe5 22. Qxf4 Be6 23. g6 Nxg6 24. Qe4 Nf8 25. Rh4 Na5 26. Rdh1 Nb3+ 27.
Kc2 Rd8 28. Rh8+ Kf7 29. Qf4+ Ke7 30. Qg5+ Kd7 31. Rd1+ 1-0

[Event "NB II. Szechenyi csoport"]
[Site "Veszprem"]
[Date "2024.04.07"]
[Round "7.5"]
[White "Elo, Istvan"]
[Black "Szabo, Balazs"]
[Result "1/2-1/2"]
[WhiteElo "1989"]
[BlackElo "1945"]
[PlyCount "25"]
[EventDate "2023.10.08"]
[EventType "team-tourn"]
[EventRounds "9"]
[EventCountry "HUN"]
[Source "chess.hu"]
[WhiteTeam "Sarvari Sakk Club SE"]
[BlackTeam "Ezust Huszar SE"]
[WhiteTeamCountry "HUN"]
[BlackTeamCountry "HUN"]

1. e4 e5 2. Nf3 Nc6 3. d4 exd4 4. Nxd4 Nf6 5. Nxc6 bxc6 6. Bd3 d5 7. Qe2 dxe4
8. Bxe4 Nxe4 9. Qxe4+ Qe7 10. Qxe7+ Bxe7 11. O-O Be6 12. Nd2 O-O 13. Nf3
1/2-1/2

[Event "NB II. Szechenyi csoport"]
[Site "Veszprem"]
[Date "2024.04.07"]
[Round "7.6"]
[White "Horvath, Rudolf"]
[Black "Szep, Milan"]
[Result "0-1"]
[WhiteElo "1953"]
[BlackElo "1974"]
[PlyCount "62"]
[EventDate "2023.10.08"]
[EventType "team-tourn"]
[EventRounds "9"]
[EventCountry "HUN"]
[Source "chess.hu"]
[WhiteTeam "Ezust Huszar SE"]
[BlackTeam "Sarvari Sakk Club SE"]
[WhiteTeamCountry "HUN"]
[BlackTeamCountry "HUN"]

1. c4 e5 2. Nc3 Nf6 3. g3 Nc6 4. Bg2 Be7 5. Nf3 h6 6. d4 exd4 7. Nxd4 Ne5 8.
Nf5 O-O 9. Nxe7+ Qxe7 10. b3 Re8 11. O-O c6 12. a4 Qb4 13. Qc2 Nxc4 14. Na2 Qe7
15. Qxc4 d5 16. Qc3 Qxe2 17. Bxh6 Qh5 18. Bf4 Bh3 19. Bxh3 Qxh3 20. Qf3 Qf5 21.
Kg2 g5 22. Be3 Qg6 23. Nc3 Rad8 24. Bd4 Re6 25. Rae1 Ne4 26. Nxe4 dxe4 27. Qc3
g4 28. h3 gxh3+ 29. Kxh3 Qh5+ 30. Kg2 Rxd4 31. Rh1 Qd5 0-1

[Event "NB II. Szechenyi csoport"]
[Site "Veszprem"]
[Date "2024.04.07"]
[Round "7.7"]
[White "Porpaczy, Lajos"]
[Black "Major, Robert"]
[Result "1/2-1/2"]
[WhiteElo "2093"]
[BlackElo "1903"]
[PlyCount "79"]
[EventDate "2023.10.08"]
[EventType "team-tourn"]
[EventRounds "9"]
[EventCountry "HUN"]
[Source "chess.hu"]
[WhiteTeam "Sarvari Sakk Club SE"]
[BlackTeam "Ezust Huszar SE"]
[WhiteTeamCountry "HUN"]
[BlackTeamCountry "HUN"]

1. e4 c5 2. Nc3 Nc6 3. g3 g6 4. Bg2 Bg7 5. d3 Nf6 6. f4 d6 7. Nf3 O-O 8. O-O
Rb8 9. h3 b5 10. Ne2 Qb6 11. Be3 Bd7 12. Qd2 Qa5 13. Qc1 c4 14. e5 Nd5 15. d4
Nxe3 16. Qxe3 dxe5 17. Nxe5 Nxe5 18. fxe5 Qb6 19. Rad1 Rbd8 20. c3 Be6 21. Nf4
Bh6 22. Kh2 Bxf4 23. Rxf4 f5 24. exf6 exf6 25. Re1 Rde8 26. Re4 Bf7 27. Qf4
Rxe4 28. Rxe4 Qd8 29. Qh6 Bd5 30. Rh4 Rf7 31. Bxd5 Qxd5 32. Qe3 f5 33. Rf4 Qd7
34. Rf2 Re7 35. Qf3 Re1 36. h4 Qe7 37. Qd5+ Kg7 38. Qg2 a5 39. Rd2 f4 40. Rf2
1/2-1/2

[Event "NB II. Szechenyi csoport"]
[Site "Veszprem"]
[Date "2024.04.07"]
[Round "7.8"]
[White "Szunyogh, Istvan"]
[Black "Zsiros, Gyorgy"]
[Result "0-1"]
[WhiteElo "1892"]
[BlackElo "1975"]
[PlyCount "82"]
[EventDate "2023.10.08"]
[EventType "team-tourn"]
[EventRounds "9"]
[EventCountry "HUN"]
[Source "chess.hu"]
[WhiteTeam "Ezust Huszar SE"]
[BlackTeam "Sarvari Sakk Club SE"]
[WhiteTeamCountry "HUN"]
[BlackTeamCountry "HUN"]

1. c4 b5 2. e3 a6 3. cxb5 axb5 4. Bxb5 c6 5. Be2 e5 6. Nc3 d5 7. d4 e4 8. f3 f5
9. f4 Bd6 10. Nh3 Ba6 11. O-O Nf6 12. Ng5 Bxe2 13. Qxe2 h6 14. Nh3 Na6 15. Bd2
O-O 16. a3 Rf7 17. b4 Rfa7 18. b5 Nb8 19. a4 cxb5 20. Qxb5 Bc7 21. Rfb1 Ra6 22.
Qb2 Nc6 23. Nf2 Na5 24. Bc1 Nc4 25. Qa2 Ba5 26. Nb5 Nd7 27. Qb3 Bd2 28. Bxd2
Nxd2 29. Qxd5+ Kh8 30. Rb2 Rxa4 31. Rba2 Rxa2 32. Rxa2 Rxa2 33. Qxa2 Qb6 34.
Qxd2 Qxb5 35. g3 Nf6 36. Kg2 Nd5 37. Nd1 Kh7 38. h4 Kg6 39. Kh3 Qf1+ 40. Kh2
Qf3 41. Kh3 Qh1+ 0-1

[Event "NB II. Szechenyi csoport"]
[Site "Veszprem"]
[Date "2024.04.07"]
[Round "7.9"]
[White "Katona, Janos"]
[Black "Matyi, Attila"]
[Result "0-1"]
[WhiteElo "1911"]
[BlackElo "1920"]
[PlyCount "62"]
[EventDate "2023.10.08"]
[EventType "team-tourn"]
[EventRounds "9"]
[EventCountry "HUN"]
[Source "chess.hu"]
[WhiteTeam "Sarvari Sakk Club SE"]
[BlackTeam "Ezust Huszar SE"]
[WhiteTeamCountry "HUN"]
[BlackTeamCountry "HUN"]

1. d4 d5 2. c4 dxc4 3. e4 e5 4. Nf3 Bb4+ 5. Bd2 Bxd2+ 6. Nbxd2 exd4 7. Bxc4 Nh6
8. Nb3 c5 9. Rc1 Nd7 10. O-O b6 11. e5 O-O 12. Bd5 Rb8 13. Be4 Bb7 14. Qd3 Bxe4
15. Qxe4 Re8 16. Qf4 f6 17. Rfe1 fxe5 18. Nxe5 Nxe5 19. Rxe5 Rxe5 20. Qxe5 Nf7
21. Qf4 Qd6 22. Qe4 Qe5 23. Qd3 Re8 24. h3 Nd6 25. Nd2 Qf4 26. Rd1 Qf5 27. Qb3+
Kh8 28. Nf3 h6 29. Qa4 Re7 30. b4 Ne4 31. bxc5 Nc3 0-1

[Event "NB II. Szechenyi csoport"]
[Site "Ajka"]
[Date "2024.04.07"]
[Round "7.1"]
[White "Rovid, Kalman"]
[Black "Csaba, Arpad Dr"]
[Result "1/2-1/2"]
[WhiteElo "2149"]
[BlackElo "1995"]
[PlyCount "110"]
[EventDate "2023.10.08"]
[EventType "team-tourn"]
[EventRounds "9"]
[EventCountry "HUN"]
[Source "chess.hu"]
[WhiteTeam "Haladas VSE III."]
[BlackTeam "Sentimento Ajka BSK "]
[WhiteTeamCountry "HUN"]
[BlackTeamCountry "HUN"]

1. e4 e6 2. d4 d5 3. e5 c5 4. c3 Qb6 5. Nf3 Bd7 6. a3 cxd4 7. cxd4 Bb5 8. Bxb5+
Qxb5 9. Nc3 Qa6 10. Bd2 Nc6 11. b4 Qb6 12. Na4 Qb5 13. Rc1 Nh6 14. Bxh6 gxh6
15. Nc3 Qb6 16. O-O Be7 17. Re1 Bg5 18. Rc2 Be7 19. Qd3 Rc8 20. Rec1 a6 21. Na4
Qa7 22. h4 O-O 23. Nc5 Bxc5 24. dxc5 Qb8 25. Re1 Qc7 26. Qe3 Kg7 27. Nh2 f5 28.
f4 Kf7 29. g4 Rg8 30. Rg2 Qe7 31. g5 hxg5 32. hxg5 Qd7 33. Qh3 Rg7 34. Nf3 Ne7
35. Nd4 Kg8 36. Rh2 Re8 37. Qd3 Ng6 38. Qe3 Ne7 39. Kf2 Ng6 40. Kf3 Ne7 41.
Reh1 Nc6 42. Rh6 Nxd4+ 43. Qxd4 Qb5 44. Rd1 Rg6 45. Rh2 Re7 46. Ke3 Reg7 47.
Qd3 Qc6 48. Kd4 Rc7 49. Rc1 Qa4 50. Rc3 Rgg7 51. Rh1 Rg6 52. Qh3 Qb5 53. Qf1
Qa4 54. Qd3 Rgg7 55. Rb1 Rg6 1/2-1/2

[Event "NB II. Szechenyi csoport"]
[Site "Ajka"]
[Date "2024.04.07"]
[Round "7.2"]
[White "Pasti, Zsombor"]
[Black "Colev, Ivor"]
[Result "0-1"]
[WhiteElo "2076"]
[BlackElo "2079"]
[PlyCount "51"]
[EventDate "2023.10.08"]
[EventType "team-tourn"]
[EventRounds "9"]
[EventCountry "HUN"]
[Source "chess.hu"]
[WhiteTeam "Sentimento Ajka BSK "]
[BlackTeam "Haladas VSE III."]
[WhiteTeamCountry "HUN"]
[BlackTeamCountry "HUN"]

1. d4 Nf6 2. c4 g6 3. Nc3 Bg7 4. e4 d6 5. f4 O-O 6. Nf3 Bg4 7. Be2 Bxf3 8. Bxf3
e5 9. fxe5 dxe5 10. d5 Nfd7 11. O-O a5 12. Be3 Na6 13. a3 f5 14. Bf2 Nac5 15.
d6 c6 16. Nd5 fxe4 17. Bg4 Rxf2 18. Ne7+ Kh8 19. Rxf2 Nd3 20. Rf7 Qb6+ 21. Kf1
Nf6 22. Qe2 Nf4 23. Qd1 Qxb2 24. Bh3 Nd3 25. Kg1 Qd4+ 26. Kh1 0-1

[Event "NB II. Szechenyi csoport"]
[Site "Ajka"]
[Date "2024.04.07"]
[Round "7.3"]
[White "Joo, Gabor"]
[Black "Paksa, Rudolf"]
[Result "1/2-1/2"]
[WhiteElo "1977"]
[BlackElo "1976"]
[PlyCount "24"]
[EventDate "2023.10.08"]
[EventType "team-tourn"]
[EventRounds "9"]
[EventCountry "HUN"]
[Source "chess.hu"]
[WhiteTeam "Haladas VSE III."]
[BlackTeam "Sentimento Ajka BSK "]
[WhiteTeamCountry "HUN"]
[BlackTeamCountry "HUN"]

1. Nf3 Nf6 2. g3 g6 3. Bg2 Bg7 4. d4 O-O 5. O-O d6 6. c4 c6 7. Nc3 Bf5 8. b3
Ne4 9. Bb2 Nxc3 10. Bxc3 Be4 11. Qd2 Nd7 12. Rfe1 h6 1/2-1/2

[Event "NB II. Szechenyi csoport"]
[Site "Ajka"]
[Date "2024.04.07"]
[Round "7.5"]
[White "Varga, Tibor"]
[Black "Kaufmann, Attila"]
[Result "1-0"]
[WhiteElo "2014"]
[BlackElo "1951"]
[PlyCount "68"]
[EventDate "2023.10.08"]
[EventType "team-tourn"]
[EventRounds "9"]
[EventCountry "HUN"]
[Source "chess.hu"]
[WhiteTeam "Haladas VSE III."]
[BlackTeam "Sentimento Ajka BSK "]
[WhiteTeamCountry "HUN"]
[BlackTeamCountry "HUN"]

1. e4 c6 2. d4 d5 3. Nc3 dxe4 4. Nxe4 Nf6 5. Nxf6+ exf6 6. Bf4 Bd6 7. Bxd6 Qxd6
8. Nf3 Bg4 9. Be2 Nd7 10. O-O O-O 11. c3 Rfe8 12. Re1 Nf8 13. Nd2 Bf5 14. Nc4
Qf4 15. Bf3 Be6 16. Ne3 Ng6 17. g3 Qc7 18. Bg2 f5 19. f4 Ne7 20. Qc2 Qd7 21.
Re2 g6 22. Rae1 Kg7 23. b3 Ng8 24. Qb2 Rad8 25. d5 cxd5 26. Bxd5 f6 27. Bxe6
Qxe6 28. Nxf5+ Qxf5 29. Rxe8 Rxe8 30. Rxe8 Qc5+ 31. Kf1 Ne7 32. Qe2 Nf5 33. g4
Nd6 34. Qe7+ Kh6 1-0

[Event "NB II. Szechenyi csoport"]
[Site "Ajka"]
[Date "2024.04.07"]
[Round "7.6"]
[White "Kishazi, Istvan"]
[Black "Barasits, Balint"]
[Result "0-1"]
[WhiteElo "1940"]
[BlackElo "1937"]
[PlyCount "60"]
[EventDate "2023.10.08"]
[EventType "team-tourn"]
[EventRounds "9"]
[EventCountry "HUN"]
[Source "chess.hu"]
[WhiteTeam "Sentimento Ajka BSK "]
[BlackTeam "Haladas VSE III."]
[WhiteTeamCountry "HUN"]
[BlackTeamCountry "HUN"]

1. d4 d5 2. Nf3 c6 3. Bf4 Nf6 4. Nbd2 Nh5 5. Bg5 h6 6. Bh4 g5 7. Bg3 Nxg3 8.
hxg3 Bg7 9. c3 Bf5 10. e3 Nd7 11. Nb3 a5 12. Bd3 Bxd3 13. Qxd3 a4 14. Nbd2 a3
15. b4 g4 16. Nh4 e6 17. e4 b6 18. e5 c5 19. Rb1 cxd4 20. cxd4 Qg5 21. O-O O-O
22. f4 gxf3 23. Rxf3 Bxe5 24. dxe5 Nxe5 25. Qd4 Nxf3+ 26. Ndxf3 Qxg3 27. Ne5
Rac8 28. Nd7 Rc4 29. Nf6+ Kh8 30. Qa1 d4 0-1

[Event "NB II. Szechenyi csoport"]
[Site "Ajka"]
[Date "2024.04.07"]
[Round "7.7"]
[White "Toth, Tibor"]
[Black "Bauer, Attila"]
[Result "1/2-1/2"]
[WhiteElo "1967"]
[BlackElo "1885"]
[PlyCount "58"]
[EventDate "2023.10.08"]
[EventType "team-tourn"]
[EventRounds "9"]
[EventCountry "HUN"]
[Source "chess.hu"]
[WhiteTeam "Haladas VSE III."]
[BlackTeam "Sentimento Ajka BSK "]
[WhiteTeamCountry "HUN"]
[BlackTeamCountry "HUN"]

1. a3 d5 2. d4 Nf6 3. Nf3 Bf5 4. Bf4 h6 5. e3 e6 6. c4 c6 7. Qb3 Qc8 8. h3 Be7
9. Nc3 Nbd7 10. Be2 Ne4 11. O-O O-O 12. Rfc1 Ndf6 13. Qd1 Qd8 14. b4 dxc4 15.
Bxc4 Nxc3 16. Rxc3 Nd5 17. Bxd5 Qxd5 18. Qb3 Qxb3 19. Rxb3 Rac8 20. Rc1 Rfd8
21. Rbc3 a6 22. Nd2 Bd6 23. Bxd6 Rxd6 24. Nc4 Rdd8 25. f3 Bg6 26. Kf2 f6 27.
Nb6 Rc7 28. Rc5 Re7 29. Rd1 Bf7 1/2-1/2

[Event "NB II. Szechenyi csoport"]
[Site "Ajka"]
[Date "2024.04.07"]
[Round "7.8"]
[White "Tanczos, Dezso"]
[Black "Farkas, Renata"]
[Result "1/2-1/2"]
[WhiteElo "1891"]
[BlackElo "1986"]
[PlyCount "59"]
[EventDate "2023.10.08"]
[EventType "team-tourn"]
[EventRounds "9"]
[EventCountry "HUN"]
[Source "chess.hu"]
[WhiteTeam "Sentimento Ajka BSK "]
[BlackTeam "Haladas VSE III."]
[WhiteTeamCountry "HUN"]
[BlackTeamCountry "HUN"]

1. e4 c5 2. Nf3 e6 3. Nc3 a6 4. d4 cxd4 5. Nxd4 Qc7 6. a3 Nf6 7. g3 b5 8. Bg2
Bb7 9. Qd3 Be7 10. O-O O-O 11. b4 d6 12. Bb2 Nbd7 13. f4 Nb6 14. Rae1 Nc4 15.
Bc1 Rac8 16. Nd1 Nd7 17. Bh3 Bf6 18. Nf2 Rfe8 19. Re2 Ndb6 20. Ng4 Bxd4+ 21.
Qxd4 e5 22. Qd3 Rcd8 23. Bg2 Qc8 24. Ne3 exf4 25. Rxf4 Qe6 26. Ref2 f6 27. Nf5
Ne5 28. Qe2 Ng6 29. Rg4 d5 30. h4 1/2-1/2